=LDR 00000nam 2200000 4500 =001 NUTBA000000000004463 =005 20140915102715.0 =006 =007 =008 =020 ##$$a 979-051-103-3 =035 ##$$a 0010-091400000000496 =040 ##$$a NBPDMAT =082 ##$$a 616.9 =084 ##$$a 616.9 Kus m =100 ##$$a Kusinwati =245 ##$$a Mewaspadai penyakit menular / $c Kusinwati =250 ##$$a Cet. 1 =260 ##$$a Semarang : $b Ghyyar Putra, $c 2009 =300 ##$$a iiii, 52 hlm. : $b ilus. ; $c 25 cm. =500 ##$$a Bibilografi : hlm. 52 =650 ##$$a penyakit berjangkit =990 ##$$a 21408097 =990 ##$$a 0001/BPAP-NTB/20142014 =990 ##$$a 0001/BPAP-NTB/20142014 =990 ##$$a 0001/BPAP-NTB/20142014 =990 ##$$a 0001/BPAP-NTB/20142014 =990 ##$$a 0001/BPAP-NTB/20142014